000 01626cpcaa2200349 a 4500
001 mm 80002068
003 DLC
005 20260227111658.0
008 800115|||||||||||| eng
010 _amm 80002068
040 _aDLC
_cDLC
_dDLC
_edacs
072 7 _aC
_2lcmd
100 1 _aWalker, Benjamin,
_d1753-1818.
245 0 0 _aBenjamin Walker correspondence,
_f1785-1792.
300 _a2
_fitems.
506 0 _aOpen to research.
520 8 _aALS (1785 January 26) written by Walker to Baron Friedrich Wilhelm Ludolf Gerhard Augustin von Steuben regarding financial matters and ALS (1792 September 25) from Walker to Andrew Craigie concerning land transactions in New York and the influx of German and Irish immigrants there.
545 0 _aU.S. representative from New York and naval officer.
546 _aCollection material in English.
580 _aForms part of; Miscellaneous Manuscripts collection.
600 1 0 _aCraigie, Andrew,
_d1744-1819
_vCorrespondence.
600 1 0 _aSteuben, Friedrich Wilhelm Ludolf Gerhard Augustin,
_cBaron von,
_d1730-1794
_vCorrespondence.
650 0 _aFinance, Personal
_zNew York (State)
651 0 _aLand tenure
_zNew York (State)
651 0 _aNew York (State)
_xEmigration and immigration.
651 0 _aGermany
_xEmigration and immigration.
651 0 _aIreland
_xEmigration and immigration.
656 7 _aNaval officers.
_2itoamc
656 7 _aRepresentatives, U.S. Congress
_zNew York (State)
_2itoamc
999 _c42442
_d42442